Songs of innocence

Tallennettuna:
Bibliografiset tiedot
Päätekijä: Blake, William (Tekijä)
Aineistotyyppi: Kirja
Kieli:englanti
Julkaistu: Nueva York Dover Publications 1971
Aiheet:
Tagit: Lisää tagi
Ei tageja, Lisää ensimmäinen tagi!

MARC

LEADER 00000nam a2200000 a 4500
001 UCV7895
003 CL-VaPUC
008 900301e19710000US |||||||||||||||||eng|d
082 0 4 |a 821  |b BLA  |2 21 
100 0 |a Blake, William  |e author  |9 265754 
245 1 0 |a Songs of innocence 
300 |a 55 p 
942 |c BK 
945 |d 19900301 00:00:00 
260 |a Nueva York  |b Dover Publications  |c 1971 
650 0 |a Poesías inglesas  |9 265094 
583 |a last modification  |c 19900301 00:00:00  |k Rodrigo Vera 
999 |c 213503  |d 213501 
952 |0 0  |1 0  |4 0  |6 821_000000000000000_BLA_1971  |7 0  |8 P  |9 195954  |a BIBARQ  |b BIBARQ  |d 2019-11-14  |i 2639238  |o 821 BLA 1971  |p 2639238  |r 2025-01-20  |w 2019-11-14  |y BK  |k ARQ